Generalitat de Catalunya : Disposicions i resolucions : 29 setembre 1977 - 31 desembre 1978 Disposicions i resolucions :
Descripción Física:
418 p., [1] f. ; 21'5 cm
Colección:
Col·lecció Departament de la Presidència ; 4
Materias:
Catalunya -- Política i govern
MARC
| LEADER | 00000nam a2200000Ia 4500 | ||
|---|---|---|---|
| 001 | 553 | ||
| 008 | 160829s1979 xx 000 0 cat d | ||
| 080 | |a M-2-162 | ||
| 110 | 1 | |a Catalunya. |b Generalitat |9 12125 | |
| 245 | |a Generalitat de Catalunya : |b Disposicions i resolucions : |b 29 setembre 1977 - 31 desembre 1978 | ||
| 260 | |a Barcelona : |b Servei Central de Publicacions de la Generalitat de Catalunya, |c 1979 | ||
| 300 | |a 418 p., [1] f. ; |c 21'5 cm | ||
| 490 | |a Col·lecció Departament de la Presidència ; 4 | ||
| 651 | 0 | |a Catalunya |x Política i govern |9 53682 | |
| 901 | |a Arxiu | ||
| 942 | |n 1 | ||
| 952 | |0 0 |1 0 |4 0 |6 M2162 |7 1 |9 42603 |a Arxiu |b Arxiu |d 2016-12-01 |l 0 |o M-2-162 |p 553 |r 2016-12-01 00:00:00 |w 2016-12-01 |y ARXIU | ||
| 999 | |c 45108 |d 45108 | ||